|
|
|
|
| LEADER |
01830nam a22004692a 4500 |
| 001 |
000043673 |
| 003 |
CZ BrMZK |
| 005 |
20171219122244.0 |
| 007 |
ta |
| 008 |
951201s1978 xr f cze d |
| 015 |
|
|
|a cnb000142353
|
| 035 |
|
|
|a (OCoLC)5043061
|
| 040 |
|
|
|a BOA001
|b cze
|
| 043 |
|
|
|a e-fr---
|
| 045 |
|
|
|a v-v-
|
| 072 |
|
7 |
|a 101
|x Filozofie
|2 Konspekt
|9 5
|
| 072 |
|
7 |
|a 929
|x Biografie
|2 Konspekt
|9 8
|
| 080 |
|
|
|a 101-051
|2 MRF
|
| 080 |
|
|
|a 821.133.1-051
|2 MRF
|
| 080 |
|
|
|a 929
|2 MRF
|
| 080 |
|
|
|a (44)
|2 MRF
|
| 080 |
|
|
|a (092)
|2 MRF
|
| 100 |
1 |
|
|a Rousseau, Jean-Jacques,
|d 1712-1778
|7 jn19990007193
|
| 245 |
1 |
0 |
|a Vyznání /
|c Jean Jacques Rousseau
|
| 250 |
|
|
|a 3. vyd., v Odeonu 1.
|
| 260 |
|
|
|a Praha :
|b Odeon,
|c 1978
|
| 300 |
|
|
|a 544 s., 39 il. na příl.
|
| 490 |
1 |
|
|a Paměti, korespondence, dokumenty (Odeon) ;
|v sv. 62
|
| 500 |
|
|
|a Dostupné též v digitální podobě v aplikaci Kramerius
|
| 600 |
1 |
7 |
|a Rousseau, Jean-Jacques,
|d 1712-1778
|7 jn19990007193
|2 czenas
|
| 648 |
|
7 |
|a 18. století
|7 ch460556
|2 czenas
|
| 650 |
0 |
7 |
|a filozofové
|7 ph117191
|z Francie
|y 18. století
|2 czenas
|
| 650 |
0 |
7 |
|a francouzští spisovatelé
|7 ph120380
|y 18. století
|2 czenas
|
| 655 |
|
7 |
|a autobiografie
|7 fd131855
|2 czenas
|
| 830 |
|
0 |
|a Paměti, korespondence, dokumenty (Odeon)
|0 s
|
| 856 |
4 |
1 |
|u http://www.digitalniknihovna.cz/mzk/uuid/uuid:e6c57af0-bb5a-11e4-9541-005056827e51
|y Digitalizovaný dokument
|x NDK
|
| 910 |
|
|
|a BOA001
|b PK-0084.643
|b 2-0800.649
|
| 920 |
|
|
|a 000169716
|
| 990 |
|
|
|a BK
|
| 996 |
7 |
|
|b 2619127908
|c 2-0800.649
|l MZK
|r Sklad / do 1 hodiny
|n 0
|w 000043673
|u 000030
|a 1
|e BOA001
|j MZK50
|s A
|
| 996 |
6 |
|
|b 2619938371
|c 2-0800.649
|l MZK
|r Sklad / do 1 hodiny
|n 20
|w 000043673
|u 000020
|a 1
|e BOA001
|j MZK50
|s P
|
| 996 |
7 |
|
|b 3119985956
|c PK-0084.643
|l MZK
|r Sklad / do 1 hodiny
|n 54
|w 000043673
|u 000010
|a 1
|e BOA001
|j MZK50
|s A
|